Изучение пространственного распределения продуктов разложения твердых окислителей при воздействии УВ высокой интенсивности: отчет о НИР "Нитрат" (х/д ОК-1/37)

Detalles Bibliográficos
Autor Corporativo: Томский политехнический институт
Otros Autores: Сериков Л. В. Леонид Вениаминович (исполнитель), Шиян Л. Н. Людмила Николаевна
Sumario:For_staff_use
Lenguaje:ruso
Publicado: Томск, 1987
Materias:
Formato: Libro
KOHA link:https://koha.lib.tpu.ru/cgi-bin/koha/opac-detail.pl?biblionumber=54978

MARC

LEADER 00000nbm0a2200000 4500
001 54978
005 20231031050905.0
035 |a (RuTPU)RU\TPU\book\57665 
090 |a 54978 
100 |a 20030902d1987 k y0rusy50 ca 
101 0 |a rus 
102 |a RU 
105 |a a p 001zy 
200 1 |a Изучение пространственного распределения продуктов разложения твердых окислителей при воздействии УВ высокой интенсивности  |e отчет о НИР "Нитрат" (х/д ОК-1/37)  |f Томский политехнический институт; науч. рук. Л. В. Сериков; Отв. исп. Л. Н. Шиян 
210 |a Томск  |d 1987 
215 |a 24 л.  |c ил. 
320 |a Библиогр.: с. 24 
371 0 |a For_staff_use 
610 1 |a физика 
610 1 |a нитраты 
610 1 |a излучения 
610 1 |a твердые окислители 
610 1 |a разложение 
610 1 |a распределение 
610 1 |a радиационное зондирование 
610 1 |a кристаллическая сера 
610 1 |a отчеты 
675 |a 539.1(04)  |v 3 
702 1 |a Сериков  |b Л. В.  |c российский химик  |c доцент Томского политехнического университета, кандидат химических наук  |f 1941-2010  |g Леонид Вениаминович  |2 stltpush  |3 (RuTPU)RU\TPU\pers\25624  |4 677 
702 1 |a Шиян  |b Л. Н.  |c химик  |c доцент Томского политехнического университета, кандидат физико-математических наук  |f 1952-  |g Людмила Николаевна  |2 stltpush  |3 (RuTPU)RU\TPU\pers\25655  |4 677 
712 0 2 |a Томский политехнический институт  |2 stltpush  |3 (RuTPU)RU\TPU\col\1123 
801 1 |a RU  |b 63413507  |c 20030902  |g PSBO 
801 2 |a RU  |b 63413507  |c 20160215  |g PSBO 
942 |c BK